| 000 | 00491nam a22001817a 4500 | ||
|---|---|---|---|
| 003 | CEME | ||
| 005 | 20210628210054.0 | ||
| 008 | 210208b xxu||||| |||| 00| 0 eng d | ||
| 020 | _a81-203-1476-X | ||
| 040 | _c. | ||
| 082 | _a670.285 VAJ | ||
| 100 |
_aVajpayee, S. Kant _978049 |
||
| 245 | _aPrinciples of computer integrated manufacturing | ||
| 260 |
_aNEW DELHI _bPRENTICE HALL _c1999 |
||
| 300 | _a498P | ||
| 650 |
_aCOMPUTER INTEGRATED MANUFACTURING. CIM _978050 |
||
| 942 |
_cBK _2ddc |
||
| 999 |
_c583207 _d583207 |
||